00680nam a2200253Ia 4500001000600000003000900006008004100015040001300056040001300069041001300082100001200095100002900107245003600136245001500172250001100187260001200198260001300210260004900223300005700272650002800329650003100357700001100388700002700399 2848IT-RoPAU130308s9999 xx 000 0 und d aIT-RoPAU cIT-RoPAU aITALIANO aLulù  gCodice Aut. SPICS: 4443 aDichiarazione d'amore (La)-1945 bClowns (I) a1a ed. aBOLOGNA bCappelli c1970 [1° Ed.:1970 - Ed.Ling.Originale:1945] a"4 p. (prefazione: no ; testo: 4 [pagine: 272-275])" aAUTORI/OPERE DEL CINEMA eCodice materia Spics: 6807 aTonio  gCodice Aut. SPICS: 679